00528nam a22001577a 450000500170000001000150001702000110003203500140004303700130005708200080007010000250007824501400010326000410024327000650028430000210034920170616161051.0 aENG-118734 c175.00 aEN-102266 bDBAD/PUB a590 aRao, P. Venkateswara aZoology m.sc., entrance exams preparation material : cby P. Venkateswra Raobuseful for all universities and other competitive exams / aHyderabadbLorven Publicationsc2010 a3-5- 1108, Maruthi Complex, Narayanguda bHyderbade500029 a175p.c23cm(pbk)